|
|
|
|
| LEADER |
00000cam a2200000 7i4500 |
| 001 |
0000003088 |
| 005 |
20040519.0 |
| 020 |
0 |
0 |
|a 9678905906
|
| 090 |
0 |
0 |
|a 347.59506
|b MAL 2003
|
| 110 |
1 |
0 |
|a MALAYSIA
|
| 245 |
1 |
0 |
|a Akta Keterangan, 1950 (Akta 56) :
|b )hingga 10hb Januari 2003)
|c didudun oleh Lembaga Penyelidikan Undang-Undang
|
| 260 |
0 |
0 |
|a Kuala Lumpur :
|b International Law Book Services ,
|c 2003
|
| 300 |
|
|
|a ix, 96 p. ;
|c 24 cm.
|
| 440 |
0 |
0 |
|a Undang-undang Malaysia
|
| 650 |
0 |
0 |
|a Confession (Law)
|z Malaysia
|
| 650 |
0 |
0 |
|a Evidence (Law)
|z Malaysia
|
| 998 |
|
|
|a JPSM
|
| 999 |
|
|
|a 0000005517
|b Monograph
|c Open Shelf
|e Default branch
|